000 00532cam a2200193ua 4500
020 _a9788120321106
_cRs.325
041 _aeng
_h
082 _a660.63
_bSHU/BI
100 _aMichale L, Shulker .
245 _aBio process Engineering Basic concepts /
_cShuler. Michale L ,Filkert Karagi.
_hTextual Documents
250 _a2 /
_b.
260 _aNew Jersey :
_bPrentice Hall Inc ,
_c2002.
300 _a553 ; .
365 _aRs.325
504 _a
700 1 _aFilkert, karagi .
942 _cBK
999 _c12381
_d12381